دليل المدرب الناجح في التدريب والتنمية / (Record no. 14117)
[ view plain ]
| 000 -LEADER | |
|---|---|
| fixed length control field | 01064nam a22001937a 4500 |
| 008 - FIXED-LENGTH DATA ELEMENTS--GENERAL INFORMATION | |
| fixed length control field | 100617t xxu||||| |||| 00| 0 eng d |
| 020 ## - INTERNATIONAL STANDARD BOOK NUMBER | |
| International Standard Book Number | 9775673690 |
| 082 ## - DEWEY DECIMAL CLASSIFICATION NUMBER | |
| Edition number | 22 |
| Classification number | 658.3124 |
| Item number | خ ا ز |
| 100 1# - MAIN ENTRY--PERSONAL NAME | |
| 9 (RLIN) | 14880 |
| Personal name | الخازندار، جمال الدين |
| 245 ## - TITLE STATEMENT | |
| Title | دليل المدرب الناجح في التدريب والتنمية / |
| Statement of responsibility, etc | جمال الدين الخازندار. |
| 260 ## - PUBLICATION, DISTRIBUTION, ETC. (IMPRINT) | |
| Place of publication, distribution, etc | القاهرة : |
| Name of publisher, distributor, etc | المنظمة العربيه للتنمية الإدارية ، |
| Date of publication, distribution, etc | 2007. |
| 300 ## - PHYSICAL DESCRIPTION | |
| Extent | ز، 359 ص : |
| Other physical details | ايض ؛ |
| Dimensions | 24 سم. |
| 490 ## - Series Statement | |
| -- | 14881 |
| Series statement | جامعة الدول العربية |
| Volume/sequential designation | ؛ 442 |
| International Standard Serial Number | المنظمة العربية للتنمية الإدارية بحوث ودراسات |
| 504 ## - BIBLIOGRAPHY, ETC. NOTE | |
| Bibliography, etc | يحتوي علي ارجاعات ببليوجرافية |
| 650 0# - SUBJECT ADDED ENTRY--TOPICAL TERM | |
| 9 (RLIN) | 14885 |
| Topical term or geographic name as entry element | الموظفون |
| General subdivision | تدريب |
| 650 0# - SUBJECT ADDED ENTRY--TOPICAL TERM | |
| 9 (RLIN) | 14888 |
| Topical term or geographic name as entry element | التدريب الوظيفي |
| 942 ## - ADDED ENTRY ELEMENTS (KOHA) | |
| Source of classification or shelving scheme | Dewey Decimal Classification |
| Item type | Book - Borrowing |
| Withdrawn status | Item status | Source of classification or shelving scheme | Damaged status | Not for loan | Vendor | Home library | Current library | Shelving location | Date acquired | Source of acquisition | Total Checkouts | Full call number | Barcode | Date last seen | Koha item type |
|---|---|---|---|---|---|---|---|---|---|---|---|---|---|---|---|
| Dewey Decimal Classification | Baccah | Central Library | Central Library | First floor | 17/06/2010 | 658.3124 الخ | 000020885 | 15/07/2025 | Book - Borrowing |